Kembali menjadi manusia : pengurusan dan pentadbiran dari pendekatan Tawhid

Bibliographic Details
Main Author: Muhammad Affandi Hassan (Author)
Format: Book
Language:Malay
Published: Kuala Lumpur : INTAN 1987
Subjects:

MARC

LEADER 00000cam a2200000 7i4500
001 0000004210
005 20240930.0
008 991209 my a may
040 |a INS   |b eng   |e rda 
090 0 0 |a HD38   |b .M892 1987 
100 0 |a Muhammad Affandi Hassan ,   |e author 
245 0 0 |a Kembali menjadi manusia :   |b pengurusan dan pentadbiran dari pendekatan Tawhid   |c Muhammad Affandi Hassan 
264 1 |a Kuala Lumpur :   |b INTAN   |c 1987 
300 |a 82 pages :   |b illustrations ;   |c 29 cm. 
336 |a text  |2 rdacontent 
337 |a unmediated  |2 rdamedia 
338 |a volume  |2 rdacarrier 
650 0 |a Islam and philosophy 
999 |a 0000002883   |b BOOK   |c Open Shelf   |e Default branch